00234nam a2200085Ia 4500008004100000041000800041100001600049245004000065260004300105231107s1994 xx 000 0 und d aeng aLandon R.P. aPractical Surveying for Technicians aNew YorkbDelmar Publishers Inc.c1994